000 00714nam a2200217 i 4500
001 51043
003 ES-MaACL
005 20250828112642.0
007 t|
008 030808s1966 sp ||||1| spa d
100 1 _aChanson, Paul.
_937981
245 1 0 _aCómo explicar a los niños la realidad sexual /
_cPaul Chanson ; [traducido al castellano por Armina Serna].
260 _aBarcelona :
_b[Fontanella],
_c1966.
300 _a57 p. ;
_c19 cm.
490 1 _aSexualidad y educacion ;
_v6
650 7 _aEducación sexual
_2embne
_912121
700 1 _aSerna, Armina.
_9105563
830 0 0 _aSexualidad y educación (Fontanella)
_v6
_9230162
852 _aES-MaACL
_jC-29494
999 _c51043
_d51043